Arboles y arbustos forrajeros utilizados en alimentación animal como fuente protéica / (Registro nro. 91)

Detalles MARC
000 -CABECERA
Campo de control 01130nam a2200337 i 4500
005 - FECHA Y HORA DE LA ULTIMA TRANSACCION
Campo de control 20160213111524.0
008 - ELEMENTOS DE LONGITUD FIJA—INFORMACION GENERAL
Campo de control 140114b1999 ck ||||| |||| 00| 0 spa d
020 ## - ISBN
ISBN 9589581625
040 ## - FUENTE DE CATALOGACIÓN
Agencia catalogadora original CO-BoIAVH
Agencia transcriptora CO-BoIAVH
041 ## - IDIOMA
Código de idioma para texto/pista de sonido o título separado Español
044 ## - PAÍS DE PUBLICACIÓN
País de publicación Colombia
082 04 - NUMERO DE CLASIFICACION DECIMAL DEWEY
Número de clasificación 633.2
Número del ítem G63a
100 1# - ASIENTO PRINCIPAL--NOMBRE PERSONAL
Nombre personal Gómez, María Elena
9 (RLIN) 3776
245 10 - MENCION DE TITULO
Título Arboles y arbustos forrajeros utilizados en alimentación animal como fuente protéica /
Mención de responsabilidad María Elena Gómez y (otros siete autores).
260 ## - PUBLICACION, DISTRIBUCION, ETC. (PIE DE IMPRENTA)
Lugar de publicación, distribución, etc. Cali
Nombre del editor, distribuidor, etc. FAO
-- Consejo Centroamericano de bosques y áreas protegidas
Fecha de publicación, distribución, etc. 1995
300 ## - DESCRIPCION FISICA
Extensión 129 páginas
505 ## - NOTA DE CONTENIDO
Nota de contenido <br/>
650 26 - ASIENTO SECUNDARIO DE MATERIA - TERMINO TEMATICO
Término temático o nombre geográfico como elemento de entrada Pastos
9 (RLIN) 59350
650 26 - ASIENTO SECUNDARIO DE MATERIA - TERMINO TEMATICO
Término temático o nombre geográfico como elemento de entrada Arbustos
9 (RLIN) 59351
650 26 - ASIENTO SECUNDARIO DE MATERIA - TERMINO TEMATICO
Término temático o nombre geográfico como elemento de entrada Plantas forrajeras
9 (RLIN) 59352
650 26 - ASIENTO SECUNDARIO DE MATERIA - TERMINO TEMATICO
Término temático o nombre geográfico como elemento de entrada Arboles
9 (RLIN) 59353
662 ## - ASIENTO SECUNDARIO DE MATERIA - JERARQUIA DEL NOMBRE DE LUGAR(
País o entidad mayor Colombia
700 1# - ASIENTO SECUNDARIO - NOMBRE PERSONAL
Nombre personal Rodríguez, Lylian
Término de relación autora.
9 (RLIN) 3780
700 1# - ASIENTO SECUNDARIO - NOMBRE PERSONAL
Nombre personal Murgueitio, Enrique
Término de relación autor.
9 (RLIN) 3781
700 1# - ASIENTO SECUNDARIO - NOMBRE PERSONAL
Nombre personal Ríos, Clara Inés
Término de relación autora.
9 (RLIN) 3782
700 1# - ASIENTO SECUNDARIO - NOMBRE PERSONAL
Nombre personal Molina, Carlos Hernan
Término de relación autor.
9 (RLIN) 3783
700 1# - ASIENTO SECUNDARIO - NOMBRE PERSONAL
Nombre personal Molina, Carlos Hernando
Término de relación autor.
9 (RLIN) 3784
700 1# - ASIENTO SECUNDARIO - NOMBRE PERSONAL
Nombre personal Molina, Enrique
Término de relación autor.
9 (RLIN) 3785
700 1# - ASIENTO SECUNDARIO - NOMBRE PERSONAL
Nombre personal Molina, Juan Pablo
Término de relación autor.
9 (RLIN) 3786
942 ## - ELEMENTOS ADICIONALES (KOHA)
Tipo de ítem Libro
Sistema de clasificación Dewey Decimal Classification
Existencias
Withdrawn status Lost status Sistema de Clasificación Damaged status No para préstamo Colección Inventariado Ubicación Permanente Ubicación actual Fecha de adquisición Fuente de Valor Valor Total Checkouts Número topográfico Inventario / Código de Barras Date last seen Ejemplar Price effective from Tipo de material Forma de adquisición
    Dewey Decimal Classification     General Inventariado 2017 Bogotá Bogotá 19/08/2004 Instituto 45000.00   LB-633.2 G63a 016484 04/12/2012 Ej. 1 04/12/2012 Libro  
    Dewey Decimal Classification     General Inventariado 2017 Sala Fabio Quevedo Sala Fabio Quevedo 19/12/1997 Instituto 45000.00   LB-633.2 G63a 000117 04/12/2012 Ej. 2 04/12/2012 Libro